Countries that border the USSR with a map - Statistics

General Stats
  • This quiz has been taken 169 times
    150 since last reset
  • The average score is 11 of 12
Answers on the Map
Answers color-coded by a green-red scale on the quiz's map according to % correct below.
 
Answer Stats
Answer % Correct
Afghanistan
97%
China
97%
Finland
97%
Mongolia
97%
Poland
96%
Turkey
96%
North Korea
95%
Romania
95%
Hungary
92%
Slovakia
87%
Norway
83%
Iran
82%
No matching quizzes found
Score Distribution
Percent of People with Each Score
Percentile by Number Answered
Your Score History
You have not taken this quiz since the last reset